BIBLIOTHÈQUE DE LA MAISON DU MEXIQUE

Logo 1 Logo 2

La novela latinoamericana en vísperas de un nuevo siglo y otros ensayos (notice nᵒ 4363)

détails MARC
000 -Sello discográfico
campo de control de longitud fija 00961nam a2200289 4500
005 - Identificación de versión
campo de control 20251016083801.0
010 ## - Número Estándar Internacional de Libros (ISBN)
Número (ISBN) 968-23-1022-9
035 ## - Otros números de control del sistema
Número de control del sistema 26525
099 ## - fechas locales
Tipo de ítem Koha LIBRO
100 ## - Datos de procesamiento general
Datos de procesamiento general 19990630d1981 m y1spay5003 ba
105 ## - Campo de datos codificados: Material textual, monográfico
Datos codificados de monografía y 001cy
200 1# - Título y mención de responsabilidad
Título propio La novela latinoamericana en vísperas de un nuevo siglo y otros ensayos
Designación general del material texto impreso
Primer mención de responsabilidad Alejo Carpentier
205 ## - Declaración de edición
Declaración de edición 2a ed
210 ## - Publicación, distribución, etc.
Lugar de publicación, distribución, etc. México
Nombre del editor, distribuidor, etc. Siglo Veintiuno Editores
Fecha de publicación, distribución, etc. 1981
215 ## - Descripción física
Designación de material específico y extensión del ítem 253 p
Dimensiones 20 cm
345 ## - Nota de información de adquisición
Fuente de adquisición/dirección de la suscripción [OBSOLETO] Donación del Centro Cultural
410 #1 - Series
Título La creación literaria
606 ## - Término temático usado como materia
Elemento de entrada Novela hispanoamericana
Subdivisión cronológica Siglo XX
Subdivisión temática Historia y crítica
Número Koha 8359
700 ## - Nombre personal - Responsabilidad primaria
Elemento de entrada Carpentier
Parte del nombre distinta del elemento de entrada Alejo
Fechas 1904-1980
Número Koha 4017
801 #0 - Fuente de origen
Agencia cm
900 ## -
-- 1/19080
900 ## -
-- 7109910991\300699
942 ## - ELEMENTOS DE ENTRADA SECUNDARIOS (KOHA)
Tipo de ítem Koha Livre
996 ## -
-- MEX
-- 751145101
-- MMAG
-- 008668
-- H863.08 C297NO
-- 20231009LIV
Exemplaires
Estatus retirado Estado de daño Estado de pérdida Fecha de adquisición Biblioteca de origen Biblioteca actual Ubicación en estantería Código de barras Precio de reemplazo Signatura topográfica completa No para préstamo Tipo de ítem Koha Nota pública Nota no pública
      05/08/2025 Casa México Paris Casa México Paris   008668 05/08/2025 H863.08 C297NO   Livre 20231009LIV 751145101